=LDR 00000nam 2200000 4500 =001 NUTBA000000000003822 =005 20140827125434.0 =006 =007 =008 =020 ##$$a978-602-18854-6-8 =035 ##$$0010-081400000000667 =082 ##$$a371.3 =100 ##$$airzani alkusaeri =245 ##$$aPENGEMBANGAN PROGRAM PEMBELAJARAN MATEMATIKA =250 ##$$aPERTAMA =260 ##$$a MATARAM $b YAZIDOPRESS $c 2013 =300 ##$$a VII; 157 HLM $b TABEL-TABEL $c 21 CM =650 ##$$aMETODE PEMBELAJARAN =850 ##$$a NBPNMAT =990 ##$$a 0001/BPAP-NTB/20142015 =990 ##$$a 0001/BPAP-NTB/2015 =990 ##$$a 0001/BPAP-NTB/2015